| 000 | 01593nam a22002777a 4500 | ||
|---|---|---|---|
| 008 | 230717s2021 xxk|||||o|||| 00| 0 eng d | ||
| 041 | _aeng | ||
| 110 | _aRoyal Institution of Chartered Surveyors | ||
| 245 |
_aUse of social media: _bguidance for RICS members _h[old edition] |
||
| 260 |
_aLondon, _bRoyal Institution of Chartered Surveyors, _c2021 |
||
| 300 | _a3p. | ||
| 490 | _aRICS Regulation | ||
| 500 | _aVersion 1 with effect from 30 June 2021 | ||
| 520 | _aThis guidance highlights when RICS is likely to investigate concerns about social media posts. | ||
| 520 | _aReplaced by 2nd edition, effective 1 September 2024 | ||
| 650 | _aMARKETING | ||
| 650 | _aSOCIAL MEDIA | ||
| 651 | _aInternational | ||
| 710 | _aRoyal Institution of Chartered Surveyors | ||
| 856 |
_uhttps://www.rics.org/content/dam/ricsglobal/documents/regulation/use_of_social_media_guidance_for_rics_members_web.pdf _zAvailable free on RICS.org |
||
| 856 |
_uhttps://www.rics.org/content/dam/ricsglobal/documents/regulation/use_of_social_media_guidance_fr_fr_hr.pdf _zFrench language version on RICS.org |
||
| 856 |
_uhttps://www.rics.org/content/dam/ricsglobal/documents/regulation/use_of_social_media_guidance_de_de_hr.pdf _zGerman language version on RICS.org |
||
| 856 |
_uhttps://www.rics.org/content/dam/ricsglobal/documents/regulation/use_of_social_media_guidance_zh_cn_hr.pdf _yChinese language version on RICS.org |
||
| 856 |
_uhttps://www.rics.org/content/dam/ricsglobal/documents/regulation/use_of_social_media_guidance_es_es_hr.pdf _zSpanish language version on RICS.org |
||
| 942 | _n0 | ||
| 999 |
_c121607 _d121607 |
||